[Event "Wch U10 blitz"]
[Site "Batumi"]
[Date "2023.06.11"]
[Round "9"]
[White "Sklokin, Sergey"]
[Black "Banerjee, Supratit"]
[Result "1-0"]
[WhiteElo "1715"]
[BlackElo "1768"]
[PlyCount "75"]
[EventDate "2023.06.10"]
[EventType "swiss (blitz)"]
[EventRounds "11"]
[EventCountry "GEO"]
[SourceTitle "EXT 2024"]
[Source "ChessBase"]
[SourceDate "2023.10.10"]
[SourceVersion "1"]
[SourceVersionDate "2023.10.10"]
[SourceQuality "1"]
[WhiteTeam "Russia"]
[BlackTeam "Schottland"]
[WhiteTeamCountry "RUS"]
[BlackTeamCountry "SCO"]

1. e4 e6 2. d4 d5 3. exd5 exd5 4. Bd3 Nf6 5. c3 Bd6 6. h3 h6 7. Nf3 c6 8. Be3 0-0 9. 0-0 Ne4 10. Ne5 Bxe5 11. dxe5 Be6 12. Nd2 Nd7 13. Nxe4 dxe4 14. Bxe4 Nxe5 15. Bd4 Nd7 16. Re1 Nf6 17. Qf3 Nxe4 18. Rxe4 Qd7 19. Rae1 Qd6 20. Be5 Qd7 21. Qg3 f6 22. Bd4 Rae8 23. Bc5 Rf7 24. Qe3 Qd5 25. c4 Qh5 26. g4 Qh4 27. Rxe6 Rxe6 28. Qxe6 Qxh3 29. Re3 Qh4 30. Qe8+ Kh7 31. Qxf7 Qg5 32. Bf8 Qxg4+ 33. Rg3 Qd1+ 34. Kh2 Qh5+ 35. Qxh5 g5 36. Qf7+ Kh8 37. Bg7+ Kh7 38. Bxf6# 1-0

[Event "Wch U10 rapid"]
[Site "Batumi"]
[Date "2023.06.08"]
[Round "9"]
[White "Sklokin, Sergey"]
[Black "Kakavand, Ramtin1111"]
[Result "1-0"]
[WhiteElo "1954"]
[BlackElo "1851"]
[PlyCount "53"]
[EventDate "2023.06.06"]
[EventType "swiss (rapid)"]
[EventRounds "11"]
[EventCountry "GEO"]
[SourceTitle "EXT 2024"]
[Source "ChessBase"]
[SourceDate "2023.10.10"]
[SourceVersion "1"]
[SourceVersionDate "2023.10.10"]
[SourceQuality "1"]
[WhiteTeam "FIDE"]
[BlackTeam "Iran"]
[BlackTeamCountry "IRI"]

1. e4 e5 2. Nf3 Nc6 3. Bc4 Bc5 4. c3 Nf6 5. d4 exd4 6. e5 d5 7. Be2 Ne4 8. cxd4 Bb6 9. Nc3 Bg4 10. Be3 0-0 11. 0-0 Ne7 12. Nd2 Bxe2 13. Qxe2 Nf5 14. Ndxe4 dxe4 15. Rad1 Bxd4 16. Bxd4 Nxd4 17. Qc4 c5 18. Qxc5 Ne6 19. Qe3 Qb6 20. Qxe4 Qxb2 21. Nd5 Rae8 22. f4 Qxa2 23. Rf3 Nc5 24. Qf5 Qa6 25. Nf6+ gxf6 26. Rg3+ Kh8 27. Rh3 1-0